Deutsche Texte nicht nur für Sportler und Informatiker
Saved in:
| Main Author | |
|---|---|
| Format | Book |
| Language | German Czech |
| Published |
Hradec Králové :
Gaudeamus,
2003
|
| Edition | Vyd. 1. |
| Subjects | |
| ISBN | 8070415819 |
| Physical Description | 105 s. ; 21 cm |
| LEADER | 00000cam a2200000 a 4500 | ||
|---|---|---|---|
| 001 | 34121 | ||
| 003 | CZ-ZlUTB | ||
| 005 | 20190826000406.0 | ||
| 007 | tu | ||
| 008 | 030903s2003 xr e p 000 0 ger | ||
| 020 | |a 8070415819 |q (brož.) | ||
| 040 | |a ABA001 |b cze |d ZLD002 | ||
| 041 | 0 | |a ger |a cze | |
| 072 | 7 | |a 811.112.2 |x Němčina |2 Konspekt |9 11 | |
| 080 | |a 81'42'373.46 |2 MRF | ||
| 080 | |a 811.112.2 |2 MRF | ||
| 080 | |a 796.062 |2 MRF | ||
| 080 | |a 005:[007+004] |2 MRF | ||
| 080 | |a (075.8) |2 MRF | ||
| 100 | 1 | |a Hubáčková, Šárka |7 mzk2003188928 |4 aut | |
| 245 | 1 | 0 | |a Deutsche Texte nicht nur für Sportler und Informatiker / |c [Šárka Hubáčková] |
| 250 | |a Vyd. 1. | ||
| 260 | |a Hradec Králové : |b Gaudeamus, |c 2003 | ||
| 300 | |a 105 s. ; |c 21 cm | ||
| 500 | |a 300 výt. | ||
| 650 | 0 | 7 | |a němčina |7 ph115512 |2 czenas |
| 650 | 0 | 7 | |a sportovní management |7 ph161988 |2 czenas |
| 650 | 0 | 7 | |a informační management |7 ph114770 |2 czenas |
| 650 | 0 | 7 | |a odborné texty |7 ph123679 |2 czenas |
| 650 | 0 | 9 | |a German language |2 eczenas |
| 650 | 0 | 9 | |a sports administration |2 eczenas |
| 650 | 0 | 9 | |a information resources management |2 eczenas |
| 650 | 0 | 9 | |a terminology |2 eczenas |
| 655 | 7 | |a učebnice vysokých škol |7 fd133772 |2 czenas | |
| 655 | 9 | |a textbooks (higher) |2 eczenas | |
| 910 | |a ZLD002 | ||
| 952 | |0 0 |1 0 |4 0 |6 S8030HUBÁČKOVÁŠ |7 0 |8 BOOK |9 78549 |a UTBZL |b UTBZL |c 030 |d 2007-12-21 |l 0 |o S803.0/HUBÁČKOVÁ,Š. |p 420010113037 |r 2019-08-26 00:00:00 |v 67.00 |w 2019-08-26 |x N:nákup | 20100831 |y 05 | ||
| 952 | |0 0 |1 0 |4 0 |6 S8030HUBÁČKOVÁŠ |7 0 |8 BOOK |9 78550 |a UTBZL |b UTBZL |c 006 |d 2007-12-21 |l 1 |o S803.0/HUBÁČKOVÁ,Š. |p 420010113038 |r 2019-08-26 00:00:00 |v 67.00 |w 2019-08-26 |x N:nákup | 20100831 |y 04 | ||
| 992 | |a BK |b SK |d 1 | ||
| 999 | |c 34121 |d 34121 | ||